| 000 | 02174cam a2200385 a 4500 | ||
|---|---|---|---|
| 001 | 16910802 | ||
| 003 | NUST | ||
| 005 | 20220722110922.0 | ||
| 008 | 110809s2012 njua b 001 0 eng | ||
| 010 | _a 2011033196 | ||
| 016 | 7 |
_a015864610 _2Uk |
|
| 020 | _a9780470631553 | ||
| 020 | _a0470631554 | ||
| 035 | _a(OCoLC)ocn714728044 | ||
| 040 |
_aDLC _cDLC _dYDX _dBTCTA _dUKMGB _dYDXCP _dBWX _dCDX _dBDX _dUPM _dDLC |
||
| 042 | _apcc | ||
| 050 | 0 | 0 |
_aTK7876 _b.P69 2012 |
| 082 | 0 | 0 |
_a621.3813, POZ _223 |
| 084 |
_aTEC024000 _2bisacsh |
||
| 100 | 1 |
_aPozar, David M. _928227 |
|
| 245 | 1 | 0 |
_aMicrowave engineering / _cDavid M. Pozar. |
| 250 | _a4th ed. | ||
| 260 |
_aHoboken, NJ : _bWiley, _cc2012. |
||
| 300 |
_axvii, 732 p. : _bill. ; _c26 cm. |
||
| 505 | _aChapter 1. Electromagnetic Theory (Page-1), Chapter 2. Transmission Line Theory (Page-48),Chapter 3. Transmission Lines and Waveguides (Page-95),Chapter 4. Microwave Network Analysis (Page-165),Chapter 5. Impedance Matching and Tuning (Page-228),Chapter 6. Microwave Resonators (Page-272),Chapter 7. Power Dividers and Directional Couplers (Page-317),Chapter 8. Microwave Filters (Page-380),Chapter 9. Theory and Design of Ferromagnetic Components (Page-451),Chapter 10. Noise and Active RF Components (Page-496),Chapter 11. Microwave Amplifier Design. Active RF and Microwave Devices (Page-524),Chapter 12. Oscillators and Mixers Microwave Amplifier Design (Page-558),Chapter 13. Introduction to Microwave Systems Oscillators and Mixers (Page-604),Chapter 14: Introduction to Microwave Systems (Page-658). | ||
| 650 | 0 | _aMicrowaves. | |
| 650 | 0 |
_aMicrowave devices. _928228 |
|
| 650 | 0 | _aMicrowave circuits. | |
| 856 | 4 | 2 |
_3Publisher description _uhttp://www.loc.gov/catdir/enhancements/fy1210/2011033196-d.html |
| 856 | 4 | 1 |
_3Table of contents only _uhttp://www.loc.gov/catdir/enhancements/fy1210/2011033196-t.html |
| 856 | 4 | 2 |
_3Contributor biographical information _uhttp://www.loc.gov/catdir/enhancements/fy1506/2011033196-b.html |
| 906 |
_a7 _bcbc _corignew _d1 _eecip _f20 _gy-gencatlg |
||
| 942 |
_2ddc _cBK |
||
| 999 |
_c590513 _d590513 |
||